Outer Banks Towns - Statistics

General Stats
  • This quiz has been taken 15 times
  • The average score is 8 of 24
Answer Stats
Hint Answer % Correct
Carova Beach a) Currituck "Island"
50%
Wanchese c) Roanoke Island
50%
Ocracoke e) Ocracoke Island
50%
Uninhabited f) Core Banks
50%
Corolla a) Currituck "Island"
42%
Manteo c) Roanoke Island
42%
Avon d) Hatteras Island
42%
Hatteras d) Hatteras Island
42%
Rodanthe d) Hatteras Island
42%
Frisco d) Hatteras Island
42%
Salvo d) Hatteras Island
42%
Buxton d) Hatteras Island
42%
Nags Head b) Bodie Island
33%
Kill Devil Hills b) Bodie Island
33%
Atlantic Beach g) Bogue Banks
33%
Pine Knoll Shores g) Bogue Banks
33%
Kitty Hawk b) Bodie Island
25%
Waves d) Hatteras Island
25%
Indian Beach g) Bogue Banks
25%
Sandbridge a) Currituck "Island"
17%
Southern Shores b) Bodie Island
17%
Emerald Isle g) Bogue Banks
17%
Duck b) Bodie Island
8%
Salter Path g) Bogue Banks
8%
No matching quizzes found
Score Distribution
Percent of People with Each Score
Percentile by Number Answered
Your Score History
You have not taken this quiz